| 000 | 00440nam a2200157 i 4500 | ||
|---|---|---|---|
| 001 | 99704 | ||
| 003 | ES-MaACL | ||
| 005 | 20230906182536.0 | ||
| 007 | t| | ||
| 008 | 050915s1914 sp ||||1| spa d | ||
| 100 | 1 |
_aMartínez-Corbalán, F. _977952 |
|
| 245 | 1 | 0 |
_aOraciones _b: (mujeres y otros poemas) / _cF. Martínez-Corbalán. |
| 260 |
_aMadrid : _bSaéz Hermanos, _c1914. |
||
| 300 |
_a141 p. ; _c19 cm. |
||
| 852 |
_aES-MaACL _jF-10519 |
||
| 999 |
_c99704 _d99704 |
||